Normal view
MARC view
- ORGANIZATIONAL EFFECTIVENESS; STRATEGIC PLANNING; LEADERSHIP
Entry Topical Term
001 - CONTROL NUMBER
- control field: 60342
003 - CONTROL NUMBER IDENTIFIER
- control field: NUST
005 - DATE AND TIME OF LATEST TRANSACTION
- control field: 20210628202526.0
008 - FIXED-LENGTH DATA ELEMENTS
- fixed length control field: 210628|| aca||aabn | a|a d
040 ## - CATALOGING SOURCE
- Original cataloging agency: NUST
- Transcribing agency: NUST
150 ## - HEADING--TOPICAL TERM
- Topical term or geographic name entry element: ORGANIZATIONAL EFFECTIVENESS; STRATEGIC PLANNING; LEADERSHIP
670 ## - SOURCE DATA FOUND
- Source citation: Work cat.: (NUST): Harper, Stephen.C 60341, The forward-focused organization, visionary thinking and breakthrough leadership to create your company's future, 2001
